| 000 | 00683nam a2200205 i 4500 | ||
|---|---|---|---|
| 001 | 56610 | ||
| 003 | ES-MaACL | ||
| 005 | 20230906163418.0 | ||
| 007 | t| | ||
| 008 | 031010s1964 sp ||||1| spa d | ||
| 100 | 1 |
_aDidier, Georges. _944516 |
|
| 245 | 1 | 0 |
_aDesinterés del cristiano _b: la recompensa en la moral de San Pablo / _cGeorges Didier ; [traducido por Angel San Vicente Marañón]. |
| 260 |
_a[Bilbao] : _bDesclée de Brouwer, _c1964. |
||
| 300 |
_a302 p. ; _c22 cm. |
||
| 490 | 1 | _aVeritas et justitia | |
| 700 | 1 |
_aSan Vicente Marañón, Angel. _9102315 |
|
| 830 | 0 |
_aVeritas et justitia _9182360 |
|
| 852 |
_aES-MaACL _jC-25234 _bR.54072 |
||
| 999 |
_c56610 _d56610 |
||